| 000 | 00557nam a2200181Ia 4500 | ||
|---|---|---|---|
| 001 | 3911 | ||
| 005 | 20260306145718.0 | ||
| 008 | 260306t1995||||xx |||||||||||||| ||spa|| | ||
| 041 | _aESP | ||
| 082 |
_a305.42 _bF74 |
||
| 100 |
_aFondo de Desarrollo de las Naciones Unidas para la mujer _eAUT |
||
| 245 | 0 |
_aCómo incluir la dimensión de género en un programa: _bguía para participar en conferencias mundiales de las Naciones Unidas |
|
| 260 | _c1995 | ||
| 300 |
_a55 páginas : _c21 cm. |
||
| 650 | _aGEN | ||
| 654 | _aCHU | ||
| 942 |
_cLIB _dJUS _fJUS _2ddc _n |
||
| 999 |
_c3911 _d3911 |
||